| 000 | 00548nam a22002057a 4500 | ||
|---|---|---|---|
| 005 | 20250603091607.0 | ||
| 008 | 250227b |||||||| |||| 00| 0 eng d | ||
| 020 |
_a978-93-80607-80-1 _cRs.295.00 |
||
| 040 | _aLoreto College | ||
| 041 | _aEnglish | ||
| 082 |
_a954 _bDES |
||
| 100 | _aDeshpande, Anirudh | ||
| 245 |
_aClass power consciousness in Indian cinema & television _bAnirudh Deshpande |
||
| 250 | _aReprint | ||
| 260 |
_aDelhi _bPrimus books _c2015 |
||
| 300 |
_a169p. _b22cm. |
||
| 650 | _aHistory | ||
| 850 | _aLCLIB | ||
| 942 | _cBK | ||
| 999 |
_c43917 _d94396 |
||